000 00295nam a22001097a 4500
082 _a425
_bGUP/C
100 _aR.K.GUPTA
245 _aCOMPREHENSIVE TEST PAPERS ENGLISH - COMMUNICATIVE
_bCLASS X
260 _aDELHI
_bLAXMI PUBLICATIONS
650 _aENGLISH TEST PAPERS FOR CLASS X
_zINDIA
942 _cBK
999 _c824
_d824